Spieler von Borussia Dortmund - Sudden Death - Statistiken

Allgemein
  • Dieses Quiz wurde 976 mal gespielt
    382 seit der letzten Aktualisierung
  • Das Durchschnittsergebnis liegt bei 16 aus 20
Answers on the Grid
Answers color-coded by a green-red scale on the quiz's grid according to % correct below.
Yann Sommer
Nico Schlotterbeck
Jürgen Kohler
Alexander Frei
Manuel Akanji
Erling Haaland
Jobe Bellingham
Kevin-Prince Boateng
Mats Hummels
Niclas Füllkrug
Ciro Immobile
Pierre-Emerick Aubameyang
Ivan Perišić
Shinji Kagawa
Raphaël Guerreiro
Łukasz Piszczek
Thomas Delaney
Paco Alcácer
Leonardo Balerdi
Alexander Isak
Jonathan Tah
Bebeto
Benjamin Pavard
David Alaba
Kai Havertz
Mohamed Simakan
Franck Kessié
Gustav Isaksen
Clint Dempsey
Diadie Samassékou
Donny van de Beek
Thorgan Hazard
 
Antwortstatistiken
Antwort % Korrekt
Erling Haaland
91%
Nico Schlotterbeck
91%
Mats Hummels
90%
Jobe Bellingham
89%
Łukasz Piszczek
87%
Niclas Füllkrug
87%
Manuel Akanji
86%
Pierre-Emerick Aubameyang
86%
Ciro Immobile
85%
Raphaël Guerreiro
85%
Shinji Kagawa
85%
Alexander Isak
80%
Paco Alcácer
80%
Thomas Delaney
80%
Thorgan Hazard
80%
Jürgen Kohler
78%
Ivan Perišić
73%
Alexander Frei
63%
Leonardo Balerdi
52%
Kevin-Prince Boateng
49%
Keine übereinstimmenden Quizze gefunden
Verteilung der Resultate
Anzahl Personen mit jedem Resultat
Perzentil nach korrekt beantworteten Fragen
Ihre Resultats-Entwicklung
Sie haben dieses Quiz seit der letzten Aktualisierung nicht gespielt